000 01244nam a2200313 i 4500
001 98734
003 ES-MaACL
005 20250624062918.0
007 t|
008 051021s1966 sp ||||1| spa d
080 _a75(46)"19"(083.82)
100 1 _aAnzo (
_d1931-)
_922016
245 1 0 _aAnzo, Muxart, Vela
_b: [exposición enviada por la Dirección General de Información de Madrid, en colaboración con la Subsecretaría de Turismo y la Expotur, a Londres, Gante, Mónaco, La Haya, Bremen, París y Stuttgart, durante el año 1966] /
_c[Texto: Carlos Areán].
260 _a[Madrid] :
_bPublicaciones Españolas,
_c[1966]
300 _a[28] p. :
_bil. ;
_c28 cm.
490 1 _aCuadernos de arte. Colección ordinaria ;
_v217
600 0 4 _aAnzo (
_d1931-)
_922016
600 0 4 _aMuxart, Jaume
_984737
600 0 4 _aVela, Vicente
_9113680
655 7 _2tgfbne
_9193628
_aCatálogos de exposiciones
700 1 _aMuxart, Jaume.
_984737
700 1 _aVela, Vicente.
_9113680
700 1 _aAreán, Carlos,
_d1921-1996
_922562
830 0 _aCuadernos de arte. Colección ordinaria
_v217
_9180064
852 _aES-MaACL
_j2196-F-18
_bR.136208
852 _aES-MaACL
_jG-13304(5)
942 _2udc
999 _c98734
_d98734